রস ও কাব্য / (Record no. 49164)
[ view plain ]
| 000 -LEADER | |
|---|---|
| fixed length control field | 00910nam a2200241 a 4500 |
| 001 - CONTROL NUMBER | |
| control field | 49164 |
| 003 - CONTROL NUMBER IDENTIFIER | |
| rucl marc code | BD-RjUL |
| 005 - DATE AND TIME OF LATEST TRANSACTION | |
| control field | 20211209054637.0 |
| 008 - FIXED-LENGTH DATA ELEMENTS--GENERAL INFORMATION | |
| fixed length control field | 160818s1959 bg ||||| |||| 00| 0 ben d |
| 020 ## - INTERNATIONAL STANDARD BOOK NUMBER | |
| Terms of availability | :Tk.2.50 |
| 035 ## - SYSTEM CONTROL NUMBER | |
| System control number | (BD-RjUL)49283 |
| 040 ## - CATALOGING SOURCE | |
| Original cataloging agency | BD-RjUL |
| Language of cataloging | ben |
| Transcribing agency | BD-RjUL |
| 041 ## - LANGUAGE CODE | |
| Language code of text/sound track or separate title | ben |
| 082 ## - DEWEY DECIMAL CLASSIFICATION NUMBER | |
| Edition number | 23 |
| Classification number | 891.44109 |
| Author mark and year | MIR 1959 |
| 100 ## - MAIN ENTRY--PERSONAL NAME | |
| Personal name | মিশ্র, শীহরিহর |
| 9 (RLIN) | 147809 |
| 245 ## - TITLE STATEMENT | |
| Title | রস ও কাব্য / |
| Statement of responsibility, etc. | শীহরিহর মিশ্র |
| 260 ## - PUBLICATION, DISTRIBUTION, ETC. (IMPRINT) | |
| Place of publication, distribution, etc. | কলিকাতা : |
| Name of publisher, distributor, etc. | ক্যালকাটা বুক হাউজ, |
| Date of publication, distribution, etc. | ১৯৫৯ |
| 300 ## - PHYSICAL DESCRIPTION | |
| Pagination | [১০],৮৯ [৩], ; |
| Size | ২১ সেমি. |
| 504 ## - BIBLIOGRAPHY, ETC. NOTE | |
| Bibliography, etc | গ্রন্থপঞ্জী সংযুক্ত |
| 650 ## - SUBJECT ADDED ENTRY--TOPICAL TERM | |
| Topical term or geographic name as entry element | বাংলা কবিতা |
| Form subdivision | ইতিহসা ও সমালোচনা |
| 9 (RLIN) | 147810 |
| Topical term or geographic name as entry element | Bengali poetry |
| Form subdivision | History and criticism |
| 9 (RLIN) | 117725 |
| 942 ## - ADDED ENTRY ELEMENTS (KOHA) | |
| Source of classification or shelving scheme | Dewey Decimal Classification |
| Koha item type | Books |
| Lost status | Source of classification or shelving scheme | Damaged status | Not for loan | Collection code | Permanent Location | Current Location | Shelving location | Date acquired | Source of acquisition | Cost, normal purchase price | Total Checkouts | Full call number | Date last seen | Date checked out | Copy number | Koha item type |
|---|---|---|---|---|---|---|---|---|---|---|---|---|---|---|---|---|
| Dewey Decimal Classification | Non-fiction | Central Library, University of Rajshahi | Central Library, University of Rajshahi | 28/03/1964 | F.K.L.Mukhopadhy | 2.75 | 1 | B 891.44109 MIR 1959 | 25/10/2022 | 19/10/2022 | C-2 | Books |